000 01302nam a2200301 a 4500
001 000011738
003 DO-SdBNP
005 20211129082617.0
008 091027s1993 dr a 001 0 spa d
040 _aDO-SdBNP
_bspa
_cBNPHU
082 4 _aRD868.44
_bA473s, 1993
_222
100 1 _aAlvárez, Cipriano
_927785
245 1 0 _aSoñar y luchar /
_cCipriano Alvárez.
250 _a3a ed.
260 _aSanto Domingo :
_bTradición,
_c1993.
300 _a358 p. :
_bil. ;
_c21 cm.
505 0 _aCapitaleño /Cipriano Álvarez -- Trayectoria -- Boyoyo : huellas de un libro campesino /Cipriano Álvarez
563 _aTres obras encuadernadas juntas con paginación continua.
600 1 4 _aÁlvarez, Cipriano,
_927786
_vAnécdotas, chistes, sátira, etc.
600 1 4 _aÁlvarez, Arturo Napoleón
_d1903-1976
_927787
_vCorrespondencias, memorias, etc.
651 4 _aRepública Dominicana
_xCondiciones sociales
_946
651 4 _aSanto Domingo (República Dominicana)
_xEmigración e inmigración
_927788
651 4 _aRepública Dominicana
_xPolítica y gobierno
_y1930-1961
_9479
730 0 2 _aÁlvarez, Cipriano,
_tCapitaleño
_927789
730 0 2 _aNapoleón Álvarez, Arturo,
_tTrayectoria
_927790
730 0 2 _aÁlvarez, Cipriano,
_tBoyoyo : huellas de un lider campesino
_927791
942 _2ddc
_cLBS1
999 _c11413
_d11413